00445nam a2200145 a 4500001000500000005001700005008004100022020001800063050001700081245004800098260003700146300002500183440001800208520007300226131320140414131922.0030415s19uu xx 00 eng d a0-85953-356-5 aERbW11 1995 aWar and peace /cillustrated by Toni Goffe. aNew York :bChild's Play,c1995. a1 v. p. : ill. ; cm. aBully for you aIf we want peace, it has to start with each one of us. War is silly.